000 00474nmm a2200169Ia 4500
008 251105s9999||||xx |||||||||||||||||und||
020 _a9788498973563
041 _aspa
100 _aGuerra, Ramiro
245 0 _aHistoria de Cuba: Tomo I
264 _a[Madrid, España] :
_bLinkgua,
_c2019
300 _a287 páginas
490 _aHistoria
650 _aHistory of the Americas: Latin America
856 _uhttps://public.digitaliapublishing.com/a/62450
942 _cCF
999 _c92385
_d92385